[Event "Asian Zonal 3.3 2019"]
[Site "Ulaanbaatar"]
[Date "2019.04.08"]
[Round "2.15"]
[White "Miciano, John Marvin"]
[Black "Itgelt, Khuyagtsogt"]
[Result "1-0"]
[WhiteElo "2339"]
[BlackElo "2056"]
[Annotator "TA"]
[PlyCount "105"]
[EventDate "2019.04.07"]
[EventType "swiss"]
[EventRounds "9"]
[EventCountry "MGL"]
[SourceTitle "playchess.com"]
[Source "ChessBase"]
[SourceQuality "1"]

{[%evp 14,105,7,0,30,9,22,34,46,42,42,50,48,34,31,38,35,29,18,18,28,2,0,8,36,22,71,28,18,8,46,47,50,50,47,42,54,54,52,56,60,48,54,31,65,0,25,19,45,29,26,30,31,31,43,30,30,22,54,32,66,33,50,16,52,30,24,0,59,0,0,0,43,0,4,0,0,-8,160,39,123,131,281,159,359,239,312,311,531,516,933,536,695,673]} 1. d4 Nf6 2. c4 e6 3. g3 d5 4. Bg2 Bb4+ 5. Bd2 Be7 6. Nf3 O-O 7. O-O c6 8. Qc2 Ne4 {E11: Bogo-Indian} (8... Nbd7 9. Bf4 b6 10. Rd1 Ba6 11. cxd5 cxd5 12. Ne5 Nxe5 13. dxe5 Ng4 14. Bf3 f5 15. exf6 Nxf6 16. Qa4 Bb7 17. Nd2 Qe8 18. Qxe8 Rfxe8 {½-½ (29) Giri,A (2783)-Ding,L (2813) Wijk aan Zee 2019}) 9. a3 {[%cal Ba2a3,Ba3b4][%mdl 32]} Nxd2 10. Nbxd2 f5 $146 {White is slightly better.} ({Predecessor:} 10... Nd7 11. b4 a6 12. Rfd1 f5 13. e3 Nf6 {1-0 (43) Fukowski,P (1952)-Bartoszewicz,M (1988) Suwalki 2015}) 11. e3 Nd7 12. b4 a5 13. Rab1 axb4 14. axb4 b5 15. c5 Qc7 16. Nb3 Bf6 17. Na5 g6 18. Rfd1 Nb8 19. Qc3 Bd7 20. Ne1 Na6 21. Nb3 Ra7 22. Nd3 Rfa8 23. Ra1 Nb8 24. Ra5 Bd8 25. Rda1 Qb7 26. Rxa7 Rxa7 27. Na5 Qc8 28. Nc1 Na6 29. Ncb3 (29. Nab3 $14) 29... Bc7 30. f3 Qd8 31. e4 f4 32. e5 fxg3 33. hxg3 Nb8 34. Kf2 Be8 35. Bh3 Bd7 36. Qd2 Qe7 37. Kg2 Bd8 38. Kf1 Na6 39. f4 Nc7 40. Bg4 Be8 ({Black should try} 40... h5 $11 41. Be2 h4) 41. Bd1 (41. Ke2 $14 Qf8 42. Qd3) 41... Na6 $11 42. Bc2 Qf8 43. Bd3 (43. Nb7 $5) 43... Nb8 44. Nc1 h5 45. Ne2 Rh7 $2 {[#]} ({Better is} 45... g5 $11) 46. Ng1 (46. Nb3 $1 $16) 46... Qh6 (46... h4 $14) 47. Nh3 $16 Rg7 {[#]} (47... Ra7 $16 {was worth a try.}) 48. Ng5 (48. Nb3 $1 $18) 48... Re7 $2 (48... Bxg5 $16 49. fxg5 Rf7+ 50. Kg2 Qg7) 49. Ra2 Bf7 50. Nb3 Be8 $2 (50... Re8 {might work better.} 51. Nxf7 Kxf7 52. Ra7+ Kg8) 51. Ra8 $18 {White is clearly winning.} Rb7 (51... Bc7 $142 52. Qf2 h4 53. gxh4 Qg7) 52. Nh3 Qf8 53. Na5 {Accuracy: White = 33%, Black = 25%.} 1-0

[Event "Asian Zonal 3.3 2019"]
[Site "Ulaanbaatar"]
[Date "2019.04.08"]
[Round "2.16"]
[White "Anand, Batsukh"]
[Black "Boldoo, Erdenepurev"]
[Result "1/2-1/2"]
[WhiteElo "1771"]
[BlackElo "2334"]
[Annotator "TA"]
[PlyCount "60"]
[EventDate "2019.04.07"]
[EventType "swiss"]
[EventRounds "9"]
[EventCountry "MGL"]
[SourceTitle "playchess.com"]
[Source "ChessBase"]
[SourceQuality "1"]

{[%evp 9,60,20,39,40,41,40,63,32,32,37,43,29,27,6,13,-12,-9,-17,-16,-14,-10,-13,0,0,9,-107,-67,-67,-64,-33,-52,-33,3,-52,0,-107,-22,-14,0,-36,-8,-104,-50,-166,0,0,0,0,0,0,0,0,0]} 1. Nf3 d5 2. b3 Bg4 3. Bb2 Nd7 4. g3 Bxf3 5. exf3 Ngf6 6. Bg2 {A06: Réti Opening:1 Nf3 d5} e6 7. O-O Bd6 8. Qe2 {White is slightly better.} (8. f4 O-O 9. d3 c6 10. Nd2 a5 11. a3 Re8 12. c4 e5 13. fxe5 Bxe5 {1-0 (54) Nakamura,H (2763)-Shimanov,A (2626) chess.com INT 2018}) 8... O-O 9. f4 c5 $146 ({Predecessor:} 9... Re8 10. d4 a5 11. a4 c6 12. Nd2 g6 {½-½ (81) Johannesson,I (2377)-Halldorsson,G (2192) Reykjavik 2014}) 10. Rd1 Qc7 11. Na3 a6 12. Rac1 Rfe8 13. c4 d4 14. d3 e5 15. f5 g6 16. fxg6 hxg6 17. h4 (17. Nb1 $11) 17... Re7 18. Nb1 Rae8 {Threatens to win with ...e4.} 19. Nd2 Nh5 20. Bf3 Ng7 (20... e4 $5 21. dxe4 (21. Bxh5 exd3 22. Qxd3 gxh5 $17) 21... Ndf6 $11) 21. Ne4 (21. Bd5 $11) 21... b6 $1 $15 22. h5 (22. Ng5 $11) 22... gxh5 (22... f5 $17 23. Ng5 (23. Nxd6 Qxd6 24. Bd5+ Kh8 $15) 23... e4 24. dxe4 Nf6 25. hxg6 fxe4) 23. Bxh5 $11 Re6 (23... Rf8 $5 {[%cal Rf7f5]}) 24. Ng5 Rf6 25. Qg4 (25. Rc2 $11 {keeps the balance.}) 25... Rf5 (25... e4 $17 {Hoping for ...Ne5.} 26. Qh4 (26. dxe4 Ne5 $17) (26. Nxe4 $2 Rh6 $17) 26... e3) 26. Qh4 (26. Re1 $15) 26... Qd8 $2 ({Black should play} 26... Nxh5 $19 27. Qxh5 Nf6) 27. Bxf7+ {The position is equal.} Rxf7 28. Qh7+ Kf8 29. Qg6 {[%csl Gg5][%cal Rg6f7] [#]} ({Much worse is} 29. Nxf7 Kxf7 30. Qe4 Nf6 $17) 29... Rf6 30. Qh7 {White threatens Qh8+ and mate.} Rf7 {Accuracy: White = 33%, Black = 49%.} (30... Ne6 $5 31. Qh8+ $8 Ke7 32. Qh7+ Kf8 33. Qh8+ Ke7 34. Qh7+ Kf8 $11) 1/2-1/2

[Event "Asian Zonal 3.3 2019"]
[Site "Ulaanbaatar"]
[Date "2019.04.08"]
[Round "2.17"]
[White "Garidmagnai, Byambasuren"]
[Black "Amilal, Munkhdalai"]
[Result "1-0"]
[WhiteElo "2313"]
[BlackElo "2042"]
[Annotator "TA"]
[PlyCount "67"]
[EventDate "2019.04.07"]
[EventType "swiss"]
[EventRounds "9"]
[EventCountry "MGL"]
[SourceTitle "playchess.com"]
[Source "ChessBase"]
[SourceQuality "1"]

{[%evp 9,67,7,20,20,20,16,33,34,35,33,42,33,53,51,72,17,70,63,63,65,54,65,59,36,45,23,20,-8,0,0,0,-71,-64,-78,615,563,612,581,1133,1135,1128,199,1125,1117,1108,1077,1275,1249,1229,1245,1231,1220,1119,1090,1284,1277,1235,1241,1171,871]} 1. Nf3 d5 2. b3 Bf5 3. Bb2 e6 4. d3 (4. g3 h6 5. d3 Nf6 6. Nbd2 Be7 7. Bg2 O-O 8. O-O c6 9. Re1 Bh7 10. e4 a5 11. a3 Na6 12. Qe2 b5 13. Rad1 Qb6 14. Bh3 dxe4 15. Nxe4 Nxe4 16. dxe4 Rad8 17. Ne5 Bf6 18. Bg2 Nb8 19. c4 {1-0 (52) Fedoseev,V (2724)-Shankland,S (2725) Wijk aan Zee 2019}) 4... Nf6 5. Nh4 Bg4 6. h3 {A06: Réti Opening:1 Nf3 d5} Bh5 7. g4 Bg6 8. Bg2 {White is slightly better.} Bb4+ $146 ({Predecessor:} 8... Bd6 9. Nd2 c5 10. c4 Nc6 11. a3 d4 12. Nxg6 hxg6 {0-1 (49) Maslov,V (2116)-Volovikov,A (2314) Alushta 2010}) 9. c3 Bc5 10. Nd2 O-O 11. Nxg6 hxg6 12. e4 (12. e3 $16) 12... dxe4 (12... d4 $11) 13. Nxe4 $14 Nxe4 14. Bxe4 {Strongly threatening d4.} c6 15. h4 f5 16. gxf5 exf5 17. Bg2 Nd7 18. h5 Qg5 19. Kf1 $1 Nf6 {White must now prevent ...Bxf2!} 20. Bc1 {[#]} (20. d4 $1 $11 {remains equal.} Bd6 21. hxg6) 20... f4 $1 $17 {[%cal Rg6h5]} 21. hxg6 Ng4 $2 {[%mdl 8192]} (21... Qxg6 $17 22. b4 (22. Bxf4 Bxf2 23. Qe2 Bc5 $17) 22... Bb6) 22. b4 $18 {Intending Qb3+ and mate.} Qxg6 23. Be4 Nxf2 24. Qb3+ Qf7 25. Bh7+ $40 {[%mdl 128] White wants a kill.} ({Less strong is} 25. bxc5 Nxh1 26. Bxh1 Rae8 $14) 25... Kh8 26. Bg6+ {[%mdl 64] [#] Discovered Attack. White is clearly winning.} Nxh1 27. Bxf7 Bd6 28. Qe6 {[%cal Re6h3]} Ng3+ 29. Kf2 {White threatens Qh3+ and mate.} Rxf7 30. Qxf7 {[%mdl 64] Double Attack} Rf8 31. Qe6 Nf5 32. Bd2 Rf6 33. Rh1+ Nh6 34. Qxf6 {Accuracy: White = 59%, Black = 49%.} 1-0

[Event "Asian Zonal 3.3 2019"]
[Site "Ulaanbaatar"]
[Date "2019.04.08"]
[Round "2.18"]
[White "Tengis, Tsog-Ochir"]
[Black "Khin, Than"]
[Result "1/2-1/2"]
[WhiteElo "2207"]
[BlackElo "2203"]
[Annotator "TA"]
[PlyCount "120"]
[EventDate "2019.04.07"]
[EventType "swiss"]
[EventRounds "9"]
[EventCountry "MGL"]
[SourceTitle "playchess.com"]
[Source "ChessBase"]
[SourceQuality "1"]

{[%evp 9,120,16,37,20,45,-27,3,-22,-15,-22,-23,-41,-56,-56,-16,-20,0,-26,-13,-25,-8,-51,-42,-42,-50,-42,-41,-37,-28,-25,-16,-39,-23,-22,-19,-25,-20,-51,0,0,0,-57,-12,-10,0,0,0,0,0,-22,0,0,0,-8,-8,-27,-10,-15,-16,-29,0,0,0,0,12,20,109,74,102,8,8,8,8,8,8,4,2,2,0,-50,-52,-92,-88,-98,-93,-95,-95,-95,-59,-204,-204,-224,-207,-204,-201,-295,-256,-236,-202,-209,-161,-156,-8,-8,-8,-8,-8,-8,-8,-8,-8,-8,-8]} 1. d4 Nf6 2. g3 c5 3. d5 d6 4. Bg2 g6 5. e4 Bg7 6. Ne2 {B06: Modern Defence} O-O 7. h4 $146 (7. Nbc3 $14) ({Predecessor:} 7. O-O b5 8. a4 b4 9. a5 Ba6 10. Re1 Nbd7 11. Nd2 Ng4 12. h3 Nge5 13. f4 Nc4 14. Nxc4 Bxc4 {0-1 (40) Galliamova,A (2444)-Khotenashvili,B (2479) St Petersburg 2018}) 7... Nbd7 8. Nbc3 Ne5 9. Bf4 Nh5 10. Bxe5 Bxe5 11. Bf3 Nf6 12. h5 g5 13. h6 Kh8 14. Qd2 Rg8 15. Bh5 Nxh5 16. Rxh5 Bf6 17. f3 b5 18. Nxb5 Bxb2 19. Rb1 Bf6 20. Kf2 Rb8 21. Rhh1 Bd7 22. Na3 {[%cal Bb5a3,Ba3c4,Bc4e3,Be3c2][%mdl 32]} Qc7 23. Nc4 Bb5 ({Better is} 23... Rb4 $1 $15 24. Ne3 g4) 24. Ne3 $11 Bd7 25. c4 (25. Nc4 $11) 25... Rxb1 26. Rxb1 Rb8 27. Qa5 Rb6 28. Rb3 Qb8 29. Nc2 Rxb3 (29... Kg8 {is more complex.} 30. Ne3 Kf8 31. Nf5 Rxb3 32. axb3 Qb6) 30. axb3 Qb6 31. Qxb6 axb6 {[%mdl 4096] Endgame KBB-KNN} 32. Nc1 b5 33. Nd3 bxc4 34. bxc4 Ba4 35. Ne3 Bd4 36. Ke2 {With the idea Nf5.} e6 37. e5 {Threatens to win with dxe6.} dxe5 (37... exd5 $1 $11 {keeps the balance.} 38. exd6 dxc4 39. Nxc4 Kg8) 38. d6 $1 $16 {Ng4 is the strong threat.} f5 {[#]} 39. Kd2 (39. Nf2 $1 $16) 39... e4 $1 $132 {[%mdl 2048] Black puts up resistance} 40. fxe4 fxe4 41. Nf2 Bc6 42. Nh3 Be5 $1 43. Nxg5 Bxg3 44. d7 Bxd7 45. Nxe4 Bf4 46. Nxc5 Bc8 47. Nd3 Bxh6 48. c5 Kg8 49. Ne5 ({White should play} 49. c6 $15) 49... Ba6 $19 50. c6 Bf4 51. Nd3 Bd6 52. Ng4 (52. Nc2 {was necessary.}) 52... Kf7 53. Ke3 Ke7 54. Ke4 Bxd3+ 55. Kxd3 {[#] KB-KN} h5 ({Black should try} 55... Bg3 $1 $17 {And now ...h5 would win.} 56. Nh6 Kd6 57. Nf7+ Kd5) 56. Nf2 $11 {The position is equal.} Kd8 {Strongly threatening ...Kc7.} 57. Nh3 Kc7 58. Ng5 Kxc6 {Hoping for ...Kd5.} 59. Nxe6 Kd5 60. Ng5 Bc5 {Accuracy: White = 46%, Black = 55%.} 1/2-1/2

[Event "Asian Zonal 3.3 2019"]
[Site "Ulaanbaatar"]
[Date "2019.04.08"]
[Round "2.19"]
[White "Khuslen, Altan-Ochir"]
[Black "Bulgankhan, Ganzorig"]
[Result "1-0"]
[WhiteElo "1927"]
[BlackElo "1936"]
[Annotator "NA RC"]
[PlyCount "167"]
[EventDate "2019.04.07"]
[EventType "swiss"]
[EventRounds "9"]
[EventCountry "MGL"]
[SourceTitle "playchess.com"]
[Source "ChessBase"]
[SourceQuality "1"]
[TimeControl "40/5400+30:1800+30"]

1. e4 c5 2. Nf3 Nc6 3. Bb5 Qc7 4. Nc3 a6 5. Bxc6 dxc6 6. O-O e5 7. h3 f6 8. d3 Be6 9. Nh4 g5 10. Nf5 Ne7 11. Qh5+ Bf7 12. Qf3 Nxf5 13. exf5 O-O-O 14. Ne4 Be7 15. Qe2 Qd7 16. Be3 Qxf5 17. Bxc5 Bxc5 18. Nxc5 h5 19. Qe4 Bg6 20. Rad1 Rd4 21. Qxf5+ Bxf5 22. f3 b6 23. Ne4 Rf8 24. Kf2 Kd7 25. b3 Ke6 26. Ke3 Rfd8 27. a4 a5 28. Rf2 Kf7 29. Nd2 Be6 30. Rdf1 h4 31. Nc4 Rb8 32. Re2 Kg6 33. Kf2 Rd7 34. Rb1 Ra7 35. Ra1 Bxc4 36. bxc4 b5 37. cxb5 cxb5 38. axb5 Rxb5 39. Re4 Rc7 40. Ra2 Rbc5 41. c4 Rd7 42. Ra3 Kf5 43. Re2 Rd4 44. Ke3 Ke6 45. Rea2 f5 46. Rxa5 f4+ 47. Ke2 Rxa5 48. Rxa5 Rd8 49. Ra6+ Kf5 50. Kd2 Rb8 51. Kc3 Rb1 52. c5 Rg1 53. Rh6 Rxg2 54. c6 Rg1 55. Kb2 Rg2+ 56. Kb3 Rg1 57. Kc4 Rc1+ 58. Kb5 Rc3 59. Kb4 Rc1 60. Kb5 Rc3 61. Kb4 Rc1 62. Ka5 Rc3 63. Rd6 e4 64. Kb4 Rc1 65. fxe4+ Ke5 66. Rd5+ Ke6 67. Rxg5 f3 68. Rf5 Rf1 69. c7 Kd7 70. Rf7+ Kc8 71. Kc5 Rg1 72. Rxf3 Rg3 73. Rf8+ Kxc7 74. d4 Rxh3 75. Rf7+ Kd8 76. Kd6 Ke8 77. Rh7 Rd3 78. d5 h3 79. e5 Kf8 80. e6 Kg8 81. e7 Re3 82. Rxh3 Re1 83. Kd7 Kf7 84. Rf3+ 1-0

[Event "Asian Zonal 3.3 2019"]
[Site "Ulaanbaatar"]
[Date "2019.04.08"]
[Round "2.21"]
[White "Tenuunbold, Battulga"]
[Black "Chinguun, Bayaraa"]
[Result "1-0"]
[WhiteElo "1692"]
[BlackElo "2033"]
[Annotator "NA RC"]
[PlyCount "85"]
[EventDate "2019.04.07"]
[EventType "swiss"]
[EventRounds "9"]
[EventCountry "MGL"]
[SourceTitle "playchess.com"]
[Source "ChessBase"]
[SourceQuality "1"]
[TimeControl "40/5400+30:1800+30"]

1. e4 c5 2. Nf3 d6 3. d4 cxd4 4. Nxd4 Nf6 5. Nc3 a6 6. Nb3 e6 7. Be2 Be7 8. Be3 Nbd7 9. Qd2 b5 10. f3 Bb7 11. O-O-O O-O 12. g4 b4 13. Nb1 a5 14. g5 Ne8 15. h4 Rc8 16. h5 d5 17. g6 Ne5 18. h6 fxg6 19. Nd4 Nc7 20. hxg7 Rf7 21. f4 Nc6 22. f5 Nxd4 23. Qxd4 Bf6 24. e5 Bxg7 25. f6 Bh8 26. Rdg1 Ne8 27. Qh4 Bxf6 28. exf6 Qxf6 29. Qxf6 Nxf6 30. Bd4 e5 31. Bxe5 Re8 32. Bxf6 Rxf6 33. Bd3 Kg7 34. Nd2 Rfe6 35. Nb3 a4 36. Nc5 R6e7 37. Nxb7 Rxb7 38. Rxh7+ Kxh7 39. Bxg6+ Kh6 40. Bxe8 a3 41. bxa3 bxa3 42. Bc6 Rb6 43. Bxd5 1-0

[Event "Asian Zonal 3.3 2019"]
[Site "Ulaanbaatar"]
[Date "2019.04.08"]
[Round "2.22"]
[White "Chuluun, Gonchigdorj"]
[Black "Erkhembayar, Tserentsoodol"]
[Result "0-1"]
[WhiteElo "1982"]
[BlackElo "1757"]
[Annotator "NA RC"]
[PlyCount "136"]
[EventDate "2019.04.07"]
[EventType "swiss"]
[EventRounds "9"]
[EventCountry "MGL"]
[SourceTitle "playchess.com"]
[Source "ChessBase"]
[SourceQuality "1"]
[TimeControl "40/5400+30:1800+30"]

1. e4 b6 2. c4 Bb7 3. Nc3 c5 4. Nf3 Nc6 5. d4 cxd4 6. Nxd4 e5 7. Nf5 a6 8. Nd6+ Bxd6 9. Qxd6 Nge7 10. Be3 Nc8 11. Qd2 O-O 12. O-O-O d6 13. g4 N6e7 14. Be2 Qc7 15. Kb1 Bc6 16. h4 Qb7 17. f3 f6 18. h5 Kh8 19. g5 f5 20. g6 f4 21. Bf2 h6 22. Bh4 Ng8 23. Bf1 b5 24. cxb5 axb5 25. Bh3 Qa7 26. b3 b4 27. Ne2 Bb5 28. Nc1 Qc5 29. Bf2 Qc3 30. Qxc3 bxc3 31. Kc2 Nf6 32. Kxc3 d5 33. exd5 e4 34. Bc5 Rd8 35. d6 exf3 36. Rd4 Be2 37. Bf1 Na7 38. Kd2 Nb5 39. Rxf4 Nxd6 40. Kc2 Nde4 41. b4 Bd1+ 42. Kb1 Nd5 43. Rfh4 Nxc5 44. bxc5 Rdb8+ 45. Nb3 Bxb3 46. axb3 Rxb3+ 47. Kc2 Rc3+ 48. Kb2 Rb8+ 49. Ka2 Rxc5 50. Ka3 Nc3 51. Rb4 Nb1+ 52. Ka4 Ra8+ 53. Kb3 Nd2+ 54. Kb2 f2 55. Bd3 Rf8 56. Rd1 Nf3 57. Be2 Ng1 58. Bg4 Re5 59. Rf1 Ree8 60. Rb7 Rf4 61. Be6 Ne2 62. Rf7 Rb8+ 63. Ka3 Re4 64. R1xf2 Re3+ 65. Ka4 Nc3+ 66. Ka5 Re5+ 67. Ka6 Rxe6+ 68. Ka7 Ree8 0-1

[Event "Asian Zonal 3.3 2019"]
[Site "Ulaanbaatar"]
[Date "2019.04.08"]
[Round "2.23"]
[White "Gerelt-Od, Boldbaatar"]
[Black "Amgalantengis, Enkh-Amgalan"]
[Result "1-0"]
[WhiteElo "1484"]
[BlackElo "1832"]
[Annotator "NA RC"]
[PlyCount "167"]
[EventDate "2019.04.07"]
[EventType "swiss"]
[EventRounds "9"]
[EventCountry "MGL"]
[SourceTitle "playchess.com"]
[Source "ChessBase"]
[SourceQuality "1"]
[TimeControl "40/5400+30:1800+30"]

1. d4 d5 2. c4 c6 3. cxd5 cxd5 4. Bf4 Nc6 5. e3 Nf6 6. Nc3 a6 7. Rc1 e6 8. Nf3 h6 9. Bd3 g5 10. Bg3 Rg8 11. Qb3 h5 12. Na4 Bb4+ 13. Ke2 h4 14. Be5 g4 15. Nd2 Bxd2 16. Kxd2 Nxe5 17. dxe5 Nd7 18. Qc3 Rg5 19. h3 gxh3 20. g3 Nxe5 21. Rxh3 Nc4+ 22. Ke2 Rh5 23. Bxc4 dxc4 24. Qxc4 Bd7 25. Nc3 Rc8 26. Qg4 Rh8 27. Rxh4 Rxh4 28. Qg8+ Ke7 29. Qxd8+ Rxd8 30. gxh4 Bc6 31. f3 Rh8 32. Rh1 f5 33. Rh2 Kf6 34. f4 e5 35. Kd3 b5 36. Kc2 b4 37. Ne2 Ba4+ 38. b3 Bc6 39. fxe5+ Kxe5 40. Nd4 Be4+ 41. Kd2 Rd8 42. h5 f4 43. h6 Bh7 44. Rh5+ Kf6 45. Ra5 f3 46. Ke1 Be4 47. Rxa6+ Kf7 48. Kf2 Rf8 49. Re6 Bd5 50. Re5 Rd8 51. Nxf3 Kg6 52. Nh4+ Kxh6 53. Nf5+ Kh7 54. e4 Bf7 55. Ke3 Ra8 56. Rb5 Rxa2 57. Rxb4 Rc2 58. Nd4 Rc3+ 59. Kf4 Rd3 60. Kf5 Bg6+ 61. Ke5 Re3 62. Nf5 Rd3 63. Rb7+ Kh8 64. b4 Rd8 65. Kf6 Bh7 66. e5 Rf8+ 67. Rf7 Rb8 68. Nh6 Rb6+ 69. e6 Bg8 70. Re7 Bxe6 71. Rxe6 Rxb4 72. Kg6 Rb8 73. Re7 Rb6+ 74. Kg5 Rb5+ 75. Nf5 Rb1 76. Kf6 Rb6+ 77. Kf7 Rb5 78. Nd6 Rb1 79. Kf8 Rf1+ 80. Nf7+ Kh7 81. Re6 Rh1 82. Ng5+ Kh8 83. Rg6 Rf1+ 84. Nf7+ 1-0

[Event "Asian Zonal 3.3 2019"]
[Site "Ulaanbaatar"]
[Date "2019.04.08"]
[Round "2.24"]
[White "Batbold, Nyamsuren"]
[Black "Danzanjunai, Ganbat"]
[Result "1-0"]
[WhiteElo "1809"]
[BlackElo "1608"]
[Annotator "NA RC"]
[PlyCount "135"]
[EventDate "2019.04.07"]
[EventType "swiss"]
[EventRounds "9"]
[EventCountry "MGL"]
[SourceTitle "playchess.com"]
[Source "ChessBase"]
[SourceQuality "1"]
[TimeControl "40/5400+30:1800+30"]

1. d4 Nf6 2. c4 g6 3. Nc3 Bg7 4. Nf3 O-O 5. g3 d6 6. Bg2 Nc6 7. O-O a6 8. h3 e5 9. Be3 Nd7 10. Nd5 exd4 11. Nxd4 Nxd4 12. Bxd4 Ne5 13. Rc1 Be6 14. f4 Bxd5 15. cxd5 Nd7 16. Bxg7 Kxg7 17. e4 Re8 18. Qb3 Nc5 19. Qc3+ Kg8 20. e5 a5 21. Rce1 Qd7 22. e6 fxe6 23. dxe6 Qg7 24. g4 Qxc3 25. bxc3 Kg7 26. f5 gxf5 27. Rxf5 Rxe6 28. Rxe6 Nxe6 29. Bxb7 Rf8 30. Rxa5 Nf4 31. Kh2 Ne2 32. c4 Rf2+ 33. Bg2 Nc3 34. Ra7 Rxa2 35. Rxc7+ Kg6 36. Rc6 Rd2 37. c5 Ne4 38. cxd6 Nxd6 39. Kg3 Kg7 40. Bf3 Rd3 41. Kf4 Nf7 42. Rc7 Kf6 43. h4 h6 44. Be4 Rd4 45. Ke3 Rb4 46. Rc6+ Ke7 47. Rc5 Nd6 48. Bf3 Rb3+ 49. Kf4 Rb4+ 50. Kg3 Rb3 51. Rh5 Nf7 52. Kf2 Rb4 53. Kg3 Kf6 54. Bd5 Nd6 55. Rxh6+ Ke5 56. Bf3 Rb3 57. Rh5+ Kf6 58. Ra5 Ne4+ 59. Kf4 Nf2 60. g5+ Kg7 61. Ra7+ Kf8 62. g6 Nd3+ 63. Kg5 Rb5+ 64. Kh6 Rb6 65. Kh7 Rxg6 66. Kxg6 Ne5+ 67. Kf6 Kg8 68. Kxe5 1-0

[Event "Asian Zonal 3.3 2019"]
[Site "Ulaanbaatar"]
[Date "2019.04.09"]
[Round "3.1"]
[White "Batchuluun, Tsegmed"]
[Black "Tengis, Tsog-Ochir"]
[Result "1/2-1/2"]
[WhiteElo "2547"]
[BlackElo "2207"]
[Annotator "TA"]
[PlyCount "89"]
[EventDate "2019.04.07"]
[EventType "swiss"]
[EventRounds "9"]
[EventCountry "MGL"]
[SourceTitle "playchess.com"]
[Source "ChessBase"]
[SourceQuality "1"]

{[%evp 21,89,11,14,8,12,8,28,14,21,18,7,-27,21,-4,-7,-25,35,-14,-12,0,-8,-297,61,54,55,-87,-85,-62,-75,-108,-110,-128,-97,-202,-202,-200,-177,-225,-229,-225,-239,-233,-225,-1188,-205,-194,-204,-154,-140,-126,-79,-79,-79,-200,-194,-177,8,8,8,8,8,8,8,8,8,8,8,0,8,8]} 1. d4 Nf6 2. c4 g6 3. Nc3 d5 4. cxd5 Nxd5 5. e4 Nxc3 6. bxc3 c5 7. Bc4 Bg7 8. Ne2 Nc6 9. Be3 O-O 10. O-O Qc7 11. Rc1 b6 12. Bb5 {D87: Exchange Grünfeld: Classical Line: Variations without ...cxd4} (12. Bf4 e5 13. Be3 exd4 14. cxd4 cxd4 15. Nxd4 Bxd4 16. Bxd4 Nxd4 17. Qxd4 Qe7 18. Bd5 Bb7 19. h4 Rfe8 {½-½ (44) Korobov,A (2675)-Shankland,S (2679) Baku 2016}) 12... a6 13. Bd3 b5 {[#]} 14. a4 $146 {White has an edge.} ({Predecessor:} 14. d5 Ne5 15. c4 Bd7 16. cxb5 Nxd3 17. b6 Qxb6 18. Qxd3 Qb2 19. Rfe1 c4 20. Qxc4 {½-½ (39) Blanco Gramajo,C (2524)-Petrov,M (2420) ICCF email 2016}) 14... c4 15. Bc2 Rd8 16. Qe1 Bb7 (16... b4 $5) 17. f4 e6 18. Qf2 Qe7 (18... b4 $11) 19. Bb1 f5 20. d5 exd5 21. exf5 $2 {[%mdl 8192]} (21. Bc5 $11 {and White is okay.} Qf7 22. exf5) 21... gxf5 $2 ({And not} 21... bxa4 22. Bc5 $16) (21... Re8 $19 22. Bd2 Qxe2 23. fxg6 Qxf2+ 24. Rxf2 hxg6 25. Bxg6 Rf8) 22. axb5 axb5 {Hoping for ...Re8.} 23. Nd4 (23. Ng3 $14 {keeps the upper hand.}) 23... Nxd4 24. Bxd4 Bxd4 25. Qxd4 Qg7 $1 26. Qxg7+ Kxg7 27. Bxf5 (27. Rce1 $17 {keeps fighting.} Kf6 28. Re5) 27... d4 $19 28. cxd4 Rxd4 29. Rfd1 Rad8 $1 ({Much less strong is} 29... Rxf4 30. Rd7+ Kf8 31. Rxb7 $15) 30. Rxd4 Rxd4 {[%mdl 4096] Endgame KRB-KRB} 31. g3 Rd2 32. Rc2 $2 (32. h3) 32... Rd5 $2 (32... Rxc2 33. Bxc2 b4) 33. g4 {[#]} Rc5 $1 34. Kf2 b4 35. Ke3 c3 {White must now prevent ...b3.} 36. Kd4 Rc7 37. h4 {[#]} (37. Rc1 $17) 37... Bf3 $1 38. Rc1 c2 $2 ({Black should play} 38... Kf6 $19 39. h5 h6) 39. Rxc2 $11 {The position is equal.} Rxc2 40. Bxc2 {And now g5 would win.} Bxg4 {KB-KB} 41. Kc4 Kh6 42. Kxb4 {Kc5 is the strong threat.} Kh5 43. Bxh7 Kxh4 44. f5 {aiming for f6.} Bxf5 45. Bxf5 {Accuracy: White = 31%, Black = 44%.} 1/2-1/2

[Event "Asian Zonal 3.3 2019"]
[Site "Ulaanbaatar"]
[Date "2019.04.09"]
[Round "3.2"]
[White "Galmandakh, Badrakh"]
[Black "Nasanjargal, Urtnasan"]
[Result "0-1"]
[WhiteElo "2222"]
[BlackElo "2482"]
[Annotator "TA"]
[PlyCount "94"]
[EventDate "2019.04.07"]
[EventType "swiss"]
[EventRounds "9"]
[EventCountry "MGL"]
[SourceTitle "playchess.com"]
[Source "ChessBase"]
[SourceQuality "1"]

{[%evp 21,94,-15,-13,-22,-14,-22,-15,-18,-10,-47,-28,-50,-39,-51,-49,-47,-36,-74,-67,-68,-60,-102,-87,-80,-87,-70,-62,-72,-63,-65,-34,-34,-34,-225,-227,-236,-227,-225,-224,-226,-221,-238,-154,-286,-286,-281,-278,-357,-335,-350,-335,-419,-418,-402,-385,-397,-308,-604,-597,-1000,-589,-589,-395,-395,-395,-360,-360,-358,-336,-589,-589,-589,-589,-582,-348]} 1. d4 Nf6 2. Nf3 g6 3. Bf4 Bg7 4. e3 O-O 5. Nbd2 d6 6. h3 c5 7. c3 Nc6 8. Be2 cxd4 9. cxd4 e5 {A48: 1 d4 Nf6 2 Nf3 g6: Torre, London and Colle Systems} 10. dxe5 dxe5 11. Nxe5 (11. Bxe5 Nxe5 12. Nxe5 Nd5 13. Nd3 Bf5 14. e4 Re8 15. O-O Bxe4 16. Nxe4 Rxe4 17. Bf3 Rd4 18. Qb3 Qb6 19. Bxd5 Qxb3 20. Bxb3 Rxd3 {½-½ (20) Nisipeanu,L (2672)-Ragger,M (2659) Germany 2017}) 11... Nd5 {LiveBook: 3 Games. The position is equal.} 12. Nxc6 bxc6 13. Nc4 Nxf4 14. exf4 Qc7 15. O-O Qxf4 16. Qc1 Qh4 $146 ({Predecessor:} 16... Qf6 17. Bg4 Bxg4 18. hxg4 {½-½ (45) Gerard,A (1866)-Opitz,P (2094) ICCF email 2011}) 17. Qc2 Rb8 18. Rad1 Rb5 19. f4 Rd5 20. Qe4 Rfd8 21. Qf3 Be6 {[#] ...Rxd1 is the strong threat.} 22. b3 Rxd1 23. Bxd1 Bd5 24. Qg4 Qe7 $36 {[%mdl 2048] Black is pushing.} 25. f5 h5 26. Qf4 Qf6 27. fxg6 $2 (27. Bf3 $15) 27... Qxf4 $19 28. Rxf4 Bxc4 $1 ({Stronger than} 28... fxg6 29. Bc2 $11) 29. Bxh5 {[%cal Rg6f7]} fxg6 {And now ...Bd4+ would win.} 30. Rxc4 gxh5 31. Rxc6 $15 {[%mdl 4096] Endgame KRB-KR} h4 32. Kf2 (32. Kf1 $17 {was necessary.}) 32... Rd2+ $19 {[%mdl 64] [#] Double Attack} 33. Kf3 Rxa2 34. Kg4 Rxg2+ 35. Kxh4 Bd4 36. b4 Kf7 37. Kh5 Rg3 38. h4 Bb6 39. Kh6 $2 (39. Rc8) 39... Rg4 40. h5 Rxb4 41. Rc3 Re4 42. Rf3+ Kg8 43. Rg3+ Kh8 44. Kg6 Re6+ 45. Kf7 $2 (45. Kf5 Rc6 46. Kg5) 45... Rc6 {Black is clearly winning.} 46. Rg8+ Kh7 {( -> ...Rc7+)} 47. Rg6 Rc5 {Accuracy: White = 25%, Black = 87%.} 0-1